00473nam a22001577a 450000500170000001000150001702000260003203500130005803700130007108200140008424500680009826000410016627000670020730000230027470000180029720140916105030.0 aENG-110855 a9788175417441c150.00 aEN-94387 bDBAD/PUB a338.92705 aEducation for sustainable development /cedited by Rajarshi Roy aNew DelhibShipra Publicationsc2014 aLG-18-19, Pankaj Central Market, PatparganjbNew Delhie110092 ax,166p.c22cm(pbk) aRoy,Rajarshi